| 000 | 00381nam a22001577a 4500 | ||
|---|---|---|---|
| 003 | LK-CoDNM | ||
| 005 | 20240814125814.0 | ||
| 008 | 240814b |||||||| |||| 00| 0 eng d | ||
| 040 |
_aLK-CoDNM _dLK-CoDNM _eLK-CoDNM |
||
| 080 |
_a10 _bU26 |
||
| 100 | _aSELIGMAN C.G | ||
| 245 | _aCHINA | ||
| 260 |
_aLONDON _bTHE CRESSEST PRESS _c1935 |
||
| 300 | _a615P. ; 26 CM | ||
| 942 | _cBK | ||
| 999 |
_c147678 _d147678 |
||